000 00268nam a22001097a 4500
008 170113b xxu||||| |||| 00| 0 eng d
020 _a9780130319500
041 _aeng
080 _24TH
_a618.2
245 _aHEALTH PROMOTION IN NURSING PRACTICE
_cPENDER
942 _2udc
_cBK
999 _c2882
_d2882